000 00431nam a22001697a 4500
999 _c5074
_d5072
005 20210909123620.0
008 160701b xxu||||| |||| 00| 0 eng d
020 _a81-7800-132-2
041 _aeng
082 _b20403
100 _a V Radha krishna Murty & other
_94893
245 _aTerminology An Agriculture Meteorolgy & agronomy
260 _bB S Publication
300 _a393
650 _aAgriculture
_92837
942 _cBK